'E' Food Pictures Quiz Stats

 Plays Quiz Updated Aug 11, 2016

Also try: 'D' Food Pictures
Challenge
Share
Tweet
Score 0/12 Timer 04:00
19 Plays Today
Food % Correct
Eggplants
98.4%
Éclairs
92.7%
Egg Salad Sandwich
88.8%
Escargots
80.4%
Enchiladas
75.2%
English Muffin
71.4%
Espresso
66.8%
Edamame
59.1%
Empanadas
55.8%
Elderberries
53.1%
Endives
43.9%
Étouffée
23%

You're not logged in!

Compare scores with friends on all Sporcle quizzes.
Join for Free
OR
Log In

You Might Also Like...

Show Comments

Extras

Top Quizzes Today


Score Distribution

Your Account Isn't Verified!

In order to create a playlist on Sporcle, you need to verify the email address you used during registration. Go to your Sporcle Settings to finish the process.

Report this User

Report this user for behavior that violates our Community Guidelines.

Details: